Institutiones Theologicae

Gardado en:
Detalles Bibliográficos
Autor Principal: Liebermann, Leop. Br (Author)
Formato: Libro
Idioma:latín
Publicado: Nápoles Ex Typographeo Fibreniano 1860
Edición:1a. ed
Subjects:
Tags: Engadir etiqueta
Sen Etiquetas, Sexa o primeiro en etiquetar este rexistro!

MARC

LEADER 00000cam a2200000 a 4500
001 UCD2427
003 CL-VaPUC
008 160428e18600000it |||||||||||||||||lat|d
082 0 4 |a 231  |b LIE  |2 21 
100 0 |a Liebermann, Leop. Br  |e author  |9 585777 
245 1 0 |a Institutiones Theologicae 
250 |a 1a. ed 
300 |a t 
942 |c BK 
945 |d 20160428 21:50:00  |a dcastane 
260 |a Nápoles  |b Ex Typographeo Fibreniano  |c 1860 
650 0 |a Teología dogmática   |9 313198 
650 7 |a INSTITUCIONES RELIGIOSAS  |2 CL-VaPUC  |9 337514 
583 |a last modification  |c 20160428 21:50:00  |k Rodrigo Vera 
999 |c 363589  |d 363587 
952 |0 0  |1 0  |3 erd  |4 0  |6 231_000000000000000_LIE_1860  |7 0  |8 X  |9 476098  |a BIBTEO  |b BIBTEO  |c TEO_FFR  |h t.1-2  |i 5227070  |o 231 LIE 1860  |p 5227070  |r 2024-01-18  |w 2019-11-24  |y BK_X  |z Catalogado en:20160428  |k OFM 
952 |0 0  |1 0  |3 erd  |4 0  |6 231_000000000000000_LIE_1860  |7 0  |8 X  |9 476099  |a BIBTEO  |b BIBTEO  |c TEO_FFR  |h v.3  |i 5227089  |o 231 LIE 1860  |p 5227089  |r 2024-01-18  |w 2019-11-24  |y BK_X  |z Catalogado en:20160428  |k OFM 
952 |0 0  |1 0  |3 erd  |4 0  |6 231_000000000000000_LIE_1860  |7 0  |8 X  |9 476100  |a BIBTEO  |b BIBTEO  |c TEO_FFR  |h v.4  |i 5227097  |o 231 LIE 1860  |p 5227097  |r 2024-01-18  |w 2019-11-24  |y BK_X  |z Catalogado en:20160428  |k OFM